[Event "19th EUR-ch"]
[Site "Batumi GEO"]
[Date "2018.03.18"]
[Round "2.80"]
[White "Pogosyan, Stefan"]
[Black "Martinovic, Sasa"]
[Result "0-1"]
[WhiteElo "2322"]
[BlackElo "2604"]
[EventDate "2018.03.17"]
[PlyCount "86"]

1.e4 c5 2.Nc3 d6 3.f4 g6 4.d4 cxd4 5.Qxd4 Nf6 6.e5 Nc6 7.Bb5 Nh5 8.e6 Bg7 
9.exf7+ Kxf7 10.Bc4+ e6 11.Qd3 Na5 12.Bb5 a6 13.Ba4 b5 14.Bb3 Rf8 15.Nge2 
Nxb3 16.axb3 Bb7 17.O-O Qb6+ 18.Be3 Qc6 19.Rf2 b4 20.Na4 Nf6 21.Nd4 Qe4 
22.Qxe4 Bxe4 23.Rd1 Nd5 24.Re2 Rac8 25.Rdd2 e5 26.Nf3 Bh6 27.Ng5+ Bxg5 28.
fxg5 Rxc2 29.Rxc2 Bxc2 30.Rxc2 Nxe3 31.Rc7+ Ke6 32.h4 Rf7 33.Rc6 a5 34.Ra6
e4 35.Nb6 Rf1+ 36.Kh2 Nf5 37.g4 Nxh4 38.Nc4 Rd1 39.Kg3 Nf3 40.Kf4 Rd5 41.
Nxa5 Nxg5 42.Nc6 h6 43.Nxb4 Rd2 0-1

[Event "19th EUR-ch"]
[Site "Batumi GEO"]
[Date "2018.03.18"]
[Round "2.81"]
[White "Konaplev, Anton"]
[Black "Jojua, Davit"]
[Result "0-1"]
[WhiteElo "2337"]
[BlackElo "2601"]
[EventDate "2018.03.17"]
[PlyCount "133"]

1.d4 Nf6 2.c4 g6 3.Nc3 Bg7 4.e4 d6 5.Be2 O-O 6.Be3 Nbd7 7.Qd2 e5 8.Nf3 c6 
9.O-O Ng4 10.Bg5 f6 11.Bh4 h5 12.Bg3 Nh6 13.Rad1 g5 14.h3 h4 15.Bh2 Nf7 
16.c5 dxc5 17.d5 Nb6 18.Qe3 Qe7 19.a4 cxd5 20.exd5 Bf5 21.a5 Nd7 22.Nd2 
Nd6 23.Bg4 Kh8 24.f4 Bxg4 25.hxg4 f5 26.fxg5 fxg4 27.Nde4 g3 28.Bxg3 hxg3 
29.Qxg3 Nxe4 30.Nxe4 Rxf1+ 31.Rxf1 Rf8 32.Re1 Kg8 33.g6 Rf4 34.Qh3 Nf8 35.
g3 Rf3 36.Qh5 Rd3 37.d6 Qe8 38.Rf1 Nxg6 39.Rf6 Rxg3+ 40.Nxg3 Bxf6 41.d7 
Qf7 42.Nf5 Qh7 43.Qd1 Nf8 44.Qd5+ Kh8 45.d8=Q Qg6+ 46.Kh1 Bxd8 47.Qxe5+ 
Qf6 48.Qxc5 Nd7 49.Qf2 Bc7 50.b4 a6 51.Qf3 Qc6 52.Qxc6 bxc6 53.Kg2 Ne5 54.
Kf2 Kh7 55.Ke3 Kg6 56.Ke4 Kf6 57.Nd4 Ke7 58.Nf5+ Kd7 59.Kd4 Bd6 60.Ne3 
Nf3+ 61.Kc3 Ng5 62.Nc2 Ne4+ 63.Kc4 Nf6 64.Nd4 Nd5 65.b5 axb5+ 66.Nxb5 Ne3+
67.Kd4 0-1

[Event "19th EUR-ch"]
[Site "Batumi GEO"]
[Date "2018.03.18"]
[Round "2.82"]
[White "Barseghian, Armen Ar."]
[Black "Kovchan, Alexander"]
[Result "0-1"]
[WhiteElo "2298"]
[BlackElo "2596"]
[EventDate "2018.03.17"]
[PlyCount "58"]

1.e4 c5 2.Nf3 d6 3.d4 cxd4 4.Nxd4 Nf6 5.Nc3 g6 6.Be3 Bg7 7.f3 O-O 8.Qd2 
Nc6 9.g4 Be6 10.Nxe6 fxe6 11.O-O-O Ne5 12.Be2 Qc8 13.h4 Nfd7 14.f4 Nc4 15.
Bxc4 Qxc4 16.e5 Rad8 17.h5 dxe5 18.f5 exf5 19.gxf5 gxf5 20.h6 Bf6 21.Kb1 
Nb6 22.Qg2+ Kf7 23.Bxb6 axb6 24.Qxb7 Rxd1+ 25.Rxd1 e4 26.Nd5 Rd8 27.b3 Qc5
28.Kc1 e3 29.Nxf6 Qa3+ 0-1

[Event "19th EUR-ch"]
[Site "Batumi GEO"]
[Date "2018.03.18"]
[Round "2.83"]
[White "Hracek, Zbynek"]
[Black "Krykun, Yuriy"]
[Result "1/2-1/2"]
[WhiteElo "2589"]
[BlackElo "2340"]
[EventDate "2018.03.17"]
[PlyCount "56"]

1.e4 c5 2.Nf3 Nc6 3.d4 cxd4 4.Nxd4 g6 5.c4 Nf6 6.Nc3 Nxd4 7.Qxd4 d6 8.Be3 
Bg7 9.f3 O-O 10.Qd2 Be6 11.Rc1 Qa5 12.b3 Rfc8 13.Bd3 a6 14.Ne2 Qxd2+ 15.
Kxd2 b5 16.Nf4 Bd7 17.g4 bxc4 18.Rxc4 Bb5 19.Rxc8+ Rxc8 20.a4 Bxd3 21.Nxd3
Kf8 22.b4 Ke8 23.Rb1 Nd7 24.b5 axb5 25.axb5 Bc3+ 26.Ke2 Rb8 27.b6 Ba5 28.
b7 Bb6 1/2-1/2

[Event "19th EUR-ch"]
[Site "Batumi GEO"]
[Date "2018.03.18"]
[Round "2.84"]
[White "Murzin, Volodar"]
[Black "Bogner, Sebastian"]
[Result "1/2-1/2"]
[WhiteElo "2316"]
[BlackElo "2588"]
[EventDate "2018.03.17"]
[PlyCount "98"]

1.e4 c5 2.Nf3 Nf6 3.e5 Nd5 4.Nc3 Nxc3 5.dxc3 Nc6 6.Bf4 e6 7.Qd2 h6 8.h4 
Qc7 9.O-O-O b6 10.Bd3 Bb7 11.Rhe1 O-O-O 12.Be4 c4 13.Nd4 a6 14.Nxc6 Bxc6 
15.Qe2 b5 16.Qf3 Be7 17.h5 Qb7 18.Bg3 Rhf8 19.Qg4 Bxe4 20.Rxe4 Qc6 21.Red4
Qxg2 22.Qxg7 Bg5+ 23.Kb1 Qf3 24.Qh7 Rh8 25.Qe4 Qxe4 26.Rxe4 Rhg8 27.b3 
cxb3 28.cxb3 Be7 29.c4 Kc7 30.Kc2 b4 31.Rd3 Kc6 32.Kd2 a5 33.Ke2 a4 34.Kf1
axb3 35.axb3 Ra8 36.Rf4 Rg7 37.Rdf3 Rf8 38.Rd3 Ra8 39.Rdf3 Rf8 40.Rd3 Ra8 
41.Rdf3 Rf8 42.Rd3 Re8 43.Rfd4 Rd8 44.Rf3 Rf8 45.Rfd3 Rd8 46.Rf3 Rf8 47.
Rfd3 Rd8 48.Rf3 Rf8 49.Rfd3 Rd8 1/2-1/2

[Event "19th EUR-ch"]
[Site "Batumi GEO"]
[Date "2018.03.18"]
[Round "2.85"]
[White "Paichadze, Luka"]
[Black "Mgeladze, Tamaz"]
[Result "1/2-1/2"]
[WhiteElo "2581"]
[BlackElo "2303"]
[EventDate "2018.03.17"]
[PlyCount "45"]

1.e4 c5 2.Nf3 d6 3.d4 cxd4 4.Qxd4 a6 5.c4 Nc6 6.Qe3 g6 7.h3 Bg7 8.Be2 Nf6 
9.O-O Nd7 10.Nc3 Nde5 11.Rd1 Nxf3+ 12.Bxf3 O-O 13.c5 Be6 14.cxd6 exd6 15.
Bg4 Rc8 16.Qg3 Nd4 17.Kh1 Qb6 18.Rb1 Rxc3 19.Qxc3 Bxa2 20.Ra1 Nb3 21.Be3 
Qb5 22.Rxa2 Bxc3 23.bxc3 1/2-1/2

[Event "19th EUR-ch"]
[Site "Batumi GEO"]
[Date "2018.03.18"]
[Round "2.86"]
[White "Fedorov, Alexei"]
[Black "Tifferet, Shaked"]
[Result "1-0"]
[WhiteElo "2559"]
[BlackElo "2274"]
[EventDate "2018.03.17"]
[PlyCount "115"]

1.e4 e5 2.Nf3 Nc6 3.Bb5 a6 4.Ba4 Nf6 5.Qe2 b5 6.Bb3 Be7 7.c3 O-O 8.O-O d5 
9.d3 Bb7 10.Nbd2 Re8 11.Rd1 Bf8 12.a3 h6 13.exd5 Nxd5 14.Ne4 Nf6 15.Be3 
Nxe4 16.dxe4 Qe7 17.a4 Na5 18.Bd5 Bxd5 19.Rxd5 Nc4 20.b3 c6 21.Rc5 Nxe3 
22.Rxe5 Qa7 23.Qxe3 Qxe3 24.fxe3 b4 25.Rc1 f6 26.Rxe8 Rxe8 27.cxb4 Rxe4 
28.Kf2 Rxb4 29.Rxc6 Rxb3 30.Nd4 Rb2+ 31.Kf3 a5 32.Rc8 Kf7 33.Rc7+ Ke8 34.
Ne6 g5 35.Nxf8 Kxf8 36.Ra7 Rb4 37.Rxa5 Kg7 38.h3 h5 39.Ra8 Kg6 40.g4 h4 
41.a5 Ra4 42.a6 Kg7 43.a7 Ra1 44.e4 Ra3+ 45.Ke2 Ra4 46.Kd3 Ra3+ 47.Kc4 Ra5
48.Kb4 Ra1 49.Kb5 Rb1+ 50.Kc6 Rc1+ 51.Kd6 Ra1 52.Rc8 Rxa7 53.Rc7+ Rxc7 54.
Kxc7 Kh7 55.Kd7 Kh6 56.Ke8 Kg7 57.Ke7 Kg6 58.Kf8 1-0

[Event "19th EUR-ch"]
[Site "Batumi GEO"]
[Date "2018.03.18"]
[Round "2.87"]
[White "Eynullayev, Atilla"]
[Black "Moiseenko, Vadim"]
[Result "1/2-1/2"]
[WhiteElo "2147"]
[BlackElo "2552"]
[EventDate "2018.03.17"]
[PlyCount "104"]

1.e4 e5 2.Nf3 Nc6 3.Bb5 a6 4.Ba4 Nf6 5.O-O Be7 6.Re1 b5 7.Bb3 O-O 8.h3 d6 
9.c3 Bb7 10.d4 Nd7 11.Nbd2 exd4 12.cxd4 Bf6 13.Nf1 Na5 14.Bc2 c5 15.d5 Nc4
16.Rb1 Rc8 17.b3 Nce5 18.Ne3 c4 19.bxc4 Nxc4 20.Nxc4 Rxc4 21.a4 b4 22.e5 
dxe5 23.Qd3 Rxc2 24.Qxc2 a5 25.Rd1 Nb6 26.d6 Nd5 27.Qc5 Nc3 28.Bb2 Nxa4 
29.Qb5 Nxb2 30.Rxb2 e4 31.Rbd2 exf3 32.Qxb7 Bc3 33.Rd5 a4 34.d7 a3 35.Rc5 
a2 36.Rc8 a1=Q 37.Rxa1 Bxa1 38.Rxd8 Rxd8 39.Qxb4 Bf6 40.Qd6 fxg2 41.Kxg2 
h6 42.f4 Kh8 43.Kf3 Kg8 44.Ke4 Ra8 45.Qc6 Rf8 46.Kd5 Bd8 47.Qc4 Bf6 48.Qe4
Bd8 49.Kd6 Bf6 50.Qe8 Bd8 51.Kc6 Bf6 52.Kc7 Bh4 1/2-1/2

[Event "19th EUR-ch"]
[Site "Batumi GEO"]
[Date "2018.03.18"]
[Round "2.88"]
[White "Lomasov, Semen"]
[Black "Yuksel, Atilla Koksal"]
[Result "1-0"]
[WhiteElo "2551"]
[BlackElo "2237"]
[EventDate "2018.03.17"]
[PlyCount "91"]

1.d4 e6 2.e4 b6 3.Nf3 Bb7 4.Nc3 Bb4 5.Bd3 Nf6 6.Nd2 d6 7.O-O Bxc3 8.bxc3 
Nbd7 9.f4 e5 10.Ba3 c5 11.Nc4 Qc7 12.fxe5 dxe5 13.Qf3 O-O 14.Rab1 Rfe8 15.
d5 Bxd5 16.exd5 e4 17.Qf5 exd3 18.cxd3 Nf8 19.Bc1 Qd7 20.Ne3 Qxf5 21.Rxf5 
Ng6 22.c4 Ne5 23.Rb3 Nfd7 24.Rf1 g6 25.g4 f6 26.h3 Kg7 27.Ng2 g5 28.Ne3 
Kg6 29.Nf5 Rh8 30.Ng3 Nf7 31.Rb2 Rae8 32.Rbf2 Nfe5 33.Bb2 Rhf8 34.Rd2 a6 
35.a4 b5 36.axb5 axb5 37.cxb5 Rb8 38.Re2 Nxd3 39.Re7 Rf7 40.Rxd7 Nxb2 41.
Rxf7 Kxf7 42.Ne4 Kg7 43.d6 Rxb5 44.d7 Rb8 45.Rb1 Rd8 46.Nxc5 1-0

[Event "19th EUR-ch"]
[Site "Batumi GEO"]
[Date "2018.03.18"]
[Round "2.89"]
[White "Sanal, Vahap"]
[Black "Suleymanli, Aydin"]
[Result "1-0"]
[WhiteElo "2543"]
[BlackElo "2210"]
[EventDate "2018.03.17"]
[PlyCount "81"]

1.e4 e6 2.d4 d5 3.Nd2 c5 4.exd5 exd5 5.Ngf3 Nc6 6.Bb5 Qe7+ 7.Qe2 Qxe2+ 8.
Kxe2 cxd4 9.Nxd4 Bd7 10.N2f3 Bd6 11.Re1 Nge7 12.c3 Nxd4+ 13.Nxd4 O-O-O 14.
Bxd7+ Rxd7 15.Be3 a6 16.Rad1 h6 17.Kd3 Rhd8 18.Kc2 Kb8 19.h4 Bc7 20.h5 Nc6
21.f3 Nxd4+ 22.Bxd4 f6 23.Re6 Rd6 24.Re7 R6d7 25.Rde1 Kc8 26.Kd3 Bd6 27.
R7e6 Bg3 28.R1e2 Rd6 29.Re7 R8d7 30.Bc5 Rxe7 31.Rxe7 Rd7 32.Rxd7 Kxd7 33.
Bf8 Bf4 34.Bxg7 Ke7 35.g3 Bc1 36.Kc2 Be3 37.f4 Kf7 38.Bxh6 Kg8 39.Kd3 Bc1 
40.b3 Ba3 41.f5 1-0

[Event "19th EUR-ch"]
[Site "Batumi GEO"]
[Date "2018.03.18"]
[Round "2.90"]
[White "Melkonyan, Arshak"]
[Black "Triapishko, Alexandr"]
[Result "0-1"]
[WhiteElo "2082"]
[BlackElo "2530"]
[EventDate "2018.03.17"]
[PlyCount "100"]

1.e4 c6 2.d4 d5 3.Nc3 dxe4 4.Nxe4 Bf5 5.Ng3 Bg6 6.N1e2 Nd7 7.Nf4 e5 8.Nxg6
hxg6 9.dxe5 Qa5+ 10.Bd2 Qxe5+ 11.Qe2 O-O-O 12.O-O-O f5 13.Bc3 Qf4+ 14.Qd2 
Qxd2+ 15.Rxd2 Nb6 16.Rxd8+ Kxd8 17.Bd4 Rh4 18.Be3 Be7 19.Be2 Nf6 20.Bg5 
Ra4 21.a3 Nfd5 22.Bxe7+ Kxe7 23.Bf3 Rh4 24.Re1+ Kf7 25.h3 Nf4 26.Ne2 Ne6 
27.Rd1 Ke7 28.Re1 Kf6 29.Ng1 Rh8 30.g3 g5 31.Bg2 Nc4 32.Nf3 Nc5 33.Nd2 Ne5
34.b4 Na4 35.Nb3 Nc4 36.b5 Nc3 37.bxc6 bxc6 38.Bxc6 Na2+ 39.Kb1 Nc3+ 40.
Kc1 Rc8 41.Bd7 Rd8 42.Re6+ Kf7 43.Nc5 Rxd7 44.Re1 Re7 45.Rxe7+ Kxe7 46.a4 
Kd6 47.Nd3 Nxa4 48.h4 gxh4 49.gxh4 Nc3 50.Nf4 a5 0-1

[Event "19th EUR-ch"]
[Site "Batumi GEO"]
[Date "2018.03.18"]
[Round "2.93"]
[White "Ponomariov, Ruslan"]
[Black "Ahadzade, Kanan"]
[Result "1-0"]
[WhiteElo "2697"]
[BlackElo "1965"]
[EventDate "2018.03.17"]
[PlyCount "51"]

1.e4 e5 2.Nf3 Nf6 3.Nxe5 d6 4.Nf3 Nxe4 5.d3 Nf6 6.d4 Be7 7.Bd3 Bg4 8.h3 
Bh5 9.Nc3 Nc6 10.g4 Bg6 11.a3 Qd7 12.Be3 a6 13.g5 Nh5 14.d5 Nd8 15.Be2 h6 
16.h4 Rh7 17.Nd4 hxg5 18.hxg5 c5 19.dxc6 bxc6 20.Bxh5 c5 21.Nb3 Qb7 22.Kd2
Bxh5 23.Rxh5 Rxh5 24.Qxh5 Ne6 25.g6 f6 26.Na5 1-0

[Event "19th EUR-ch"]
[Site "Batumi GEO"]
[Date "2018.03.18"]
[Round "2.94"]
[White "Rakhmanov, Aleksandr"]
[Black "Nuber, Blasius"]
[Result "1-0"]
[WhiteElo "2655"]
[BlackElo "2284"]
[EventDate "2018.03.17"]
[PlyCount "83"]

1.c4 c6 2.d4 d5 3.cxd5 cxd5 4.Bf4 Nf6 5.Nc3 Nc6 6.e3 Bf5 7.Qb3 Na5 8.Qa4+ 
Bd7 9.Qc2 Rc8 10.Bd3 e6 11.Nf3 Be7 12.h3 b5 13.a3 Nc4 14.O-O O-O 15.Ne5 a5
16.Qe2 Be8 17.a4 b4 18.Nb5 Bxb5 19.axb5 Nxe5 20.Bxe5 Qb6 21.Qd1 Ra8 22.Rc1
Rfc8 23.Qa4 Ne8 24.Bg3 Bd6 25.Bh4 Rc7 26.Rc6 Rxc6 27.bxc6 b3 28.Ra1 Qb4 
29.Bb5 Qxa4 30.Bxa4 Rb8 31.f3 Kf8 32.Kf1 f6 33.Ke2 Ke7 34.Kd3 Nc7 35.g4 h6
36.Be1 Bb4 37.Bf2 Bd6 38.h4 Rb6 39.e4 Na6 40.e5 fxe5 41.dxe5 Bc5 42.c7 1-0

[Event "19th EUR-ch"]
[Site "Batumi GEO"]
[Date "2018.03.18"]
[Round "2.95"]
[White "Ahmadzada, Ahmad"]
[Black "Fridman, Daniel"]
[Result "1/2-1/2"]
[WhiteElo "2283"]
[BlackElo "2637"]
[EventDate "2018.03.17"]
[PlyCount "108"]

1.c4 e6 2.Nf3 Nf6 3.g3 a6 4.Bg2 b5 5.Ne5 Ra7 6.d4 Bb7 7.Bxb7 Rxb7 8.c5 d6 
9.cxd6 cxd6 10.Nf3 Nbd7 11.O-O Be7 12.Bg5 O-O 13.Nbd2 Nb6 14.Rc1 Rc7 15.
Rxc7 Qxc7 16.Qc1 Rc8 17.Qxc7 Rxc7 18.Rb1 h6 19.Bxf6 Bxf6 20.e3 Rc2 21.Ne4 
Nc4 22.b3 Na3 23.Ra1 d5 24.Ne1 dxe4 25.Nxc2 Nxc2 26.Rc1 Na3 27.Rc8+ Kh7 
28.Ra8 Kg6 29.Rxa6 b4 30.Ra7 Nb5 31.Rb7 Nc3 32.Rxb4 Nxa2 33.Rb7 Nc3 34.b4 
Nd5 35.Rb8 Be7 36.b5 Bd6 37.Rb7 Bc7 38.Kf1 f5 39.Ke2 Kf6 40.h4 g5 41.hxg5+
hxg5 42.Kf1 f4 43.gxf4 gxf4 44.Ke2 f3+ 45.Kf1 e5 46.dxe5+ Kxe5 47.Ra7 Bb6 
48.Ra4 Bc5 49.Ra8 Nc3 50.Rc8 Na4 51.Rd8 Nb6 52.Rh8 Na4 53.Ra8 Nb6 54.Rh8 
Na4 1/2-1/2

[Event "19th EUR-ch"]
[Site "Batumi GEO"]
[Date "2018.03.18"]
[Round "2.96"]
[White "Antipov, Mikhail"]
[Black "Sargissian, Sargis"]
[Result "1-0"]
[WhiteElo "2616"]
[BlackElo "2284"]
[EventDate "2018.03.17"]
[PlyCount "87"]

1.Nf3 Nf6 2.g3 g6 3.Bg2 Bg7 4.O-O O-O 5.c4 c6 6.b3 Ne4 7.d4 d5 8.Bb2 Bf5 
9.e3 Nd7 10.Qe2 Bg4 11.h3 Bxf3 12.Bxf3 e5 13.cxd5 cxd5 14.Rd1 exd4 15.Bxd4
Bxd4 16.Rxd4 Ndf6 17.Nd2 Qe7 18.Bxe4 dxe4 19.Nc4 Rfd8 20.Rad1 Rxd4 21.Rxd4
Rd8 22.Qd2 Rxd4 23.Qxd4 b6 24.a4 h5 25.Qd6 Kf8 26.Kg2 Ne8 27.Qd4 Kg8 28.
Ne5 Nd6 29.b4 Qf6 30.b5 Kh7 31.Qd5 Kg8 32.h4 Kg7 33.Kg1 Qd8 34.Nc6 Qc7 35.
Kg2 Kg8 36.Nxa7 Qxa7 37.Qxd6 Qxa4 38.Qxb6 Qd1 39.Qd4 Qb1 40.b6 Qb5 41.Qd8+
Kg7 42.Qc7 Qf5 43.Qc3+ Kh7 44.Qb3 1-0

[Event "19th EUR-ch"]
[Site "Batumi GEO"]
[Date "2018.03.18"]
[Round "2.97"]
[White "Can, Emre"]
[Black "Paramzina, Anastasya"]
[Result "1-0"]
[WhiteElo "2603"]
[BlackElo "2281"]
[EventDate "2018.03.17"]
[PlyCount "49"]

1.Nf3 Nf6 2.c4 c6 3.d4 d5 4.e3 Bf5 5.Nc3 a6 6.Ne5 Nbd7 7.Qb3 Nxe5 8.dxe5 
Nd7 9.Qxb7 dxc4 10.Qxc6 Rc8 11.Qxa6 Qc7 12.e4 Be6 13.f4 g6 14.Be3 Bh6 15.
Nb5 Qb8 16.Nd4 Nc5 17.Qa3 Nxe4 18.Nxe6 fxe6 19.Rc1 g5 20.Bxc4 gxf4 21.Bxe6
Rxc1+ 22.Bxc1 Kf8 23.Qa5 Ng5 24.Bb3 f3 25.O-O 1-0

[Event "19th EUR-ch"]
[Site "Batumi GEO"]
[Date "2018.03.18"]
[Round "2.98"]
[White "Bologan, Viorel"]
[Black "Hakobyan, Hovhannes H."]
[Result "1-0"]
[WhiteElo "2600"]
[BlackElo "2280"]
[EventDate "2018.03.17"]
[PlyCount "49"]

1.d4 Nf6 2.c4 g6 3.Nc3 Bg7 4.e4 d6 5.Nge2 O-O 6.Ng3 c5 7.d5 e6 8.Be2 exd5 
9.cxd5 a6 10.a4 Re8 11.O-O Nbd7 12.Bf4 Qe7 13.Qd2 Qf8 14.h3 h5 15.Bg5 Nh7 
16.Bh4 Bh6 17.f4 Qg7 18.Kh1 b6 19.Rae1 Bb7 20.Bxh5 Qd4 21.Qc2 Qc4 22.e5 
Bxd5 23.Bxg6 fxg6 24.Qxg6+ Bg7 25.Nf5 1-0

[Event "19th EUR-ch"]
[Site "Batumi GEO"]
[Date "2018.03.18"]
[Round "2.99"]
[White "Donchenko, Alexander"]
[Black "Mikadze, Miranda"]
[Result "1-0"]
[WhiteElo "2588"]
[BlackElo "2268"]
[EventDate "2018.03.17"]
[PlyCount "83"]

1.Nf3 d5 2.g3 c6 3.Bg2 Bg4 4.h3 Bh5 5.O-O e6 6.c4 Nf6 7.d4 Nbd7 8.cxd5 
cxd5 9.Nc3 Bd6 10.Qb3 Qb6 11.e4 Nxe4 12.Nxe4 dxe4 13.Ng5 Qxb3 14.axb3 f5 
15.Nxe6 Rg8 16.g4 Bf7 17.Ng5 Bxb3 18.gxf5 Nf6 19.Nxe4 Nxe4 20.Bxe4 a5 21.
Re1 Kd7 22.Re3 a4 23.Bxb7 Rab8 24.Rxb3 axb3 25.Bd5 Rgd8 26.Ra7+ Ke8 27.
Rxg7 Rbc8 28.Be3 Bh2+ 29.Kxh2 Rxd5 30.f6 Rc2 31.Re7+ Kd8 32.Rb7 Rxb2 33.
Rb8+ Kc7 34.f7 Kxb8 35.f8=Q+ Kc7 36.Bf4+ Kb6 37.Qb8+ Ka5 38.Qa8+ Kb4 39.
Qxd5 Rxf2+ 40.Kg3 b2 41.Kxf2 b1=Q 42.Qb7+ 1-0

[Event "19th EUR-ch"]
[Site "Batumi GEO"]
[Date "2018.03.18"]
[Round "2.100"]
[White "Meskovs, Nikita"]
[Black "Manafov, Vugar"]
[Result "1-0"]
[WhiteElo "2536"]
[BlackElo "2263"]
[EventDate "2018.03.17"]
[PlyCount "65"]

1.Nf3 Nf6 2.g3 d5 3.Bg2 c6 4.O-O Bg4 5.d3 Nbd7 6.Nbd2 e5 7.e4 dxe4 8.dxe4 
Be7 9.h3 Bh5 10.Qe1 O-O 11.Nc4 Qc7 12.Bd2 Bg6 13.Nh4 b5 14.Ba5 Qb7 15.Nd2 
Bd8 16.Bxd8 Rfxd8 17.f4 exf4 18.gxf4 Qb6+ 19.Kh1 Nc5 20.e5 Nd5 21.f5 Bh5 
22.Qg3 Nb4 23.Ne4 Nxe4 24.Bxe4 Kh8 25.Qg5 Be2 26.Rg1 Rg8 27.Rg2 h6 28.Qd2 
Qd8 29.Qxb4 Qxh4 30.Rxe2 Rae8 31.Qe1 Qxh3+ 32.Rh2 Qg4 33.Qe3 1-0

[Event "19th EUR-ch"]
[Site "Batumi GEO"]
[Date "2018.03.18"]
[Round "2.101"]
[White "Olcum, Ahmet"]
[Black "Ferreira, Jorge Viterbo"]
[Result "0-1"]
[WhiteElo "2257"]
[BlackElo "2492"]
[EventDate "2018.03.17"]
[PlyCount "90"]

1.d4 Nf6 2.Bf4 d5 3.e3 c5 4.c3 Nc6 5.Nd2 e6 6.Ngf3 cxd4 7.exd4 Nh5 8.Be3 
Bd6 9.Ne5 g6 10.Bb5 O-O 11.Bh6 Ng7 12.Ndf3 Qb6 13.Qa4 f6 14.Nxc6 bxc6 15.
Bxc6 Rb8 16.O-O Rf7 17.c4 dxc4 18.d5 Nf5 19.Bd2 e5 20.Ba5 Qxb2 21.Nd2 Ba6 
22.Nxc4 Bxc4 23.Qxc4 Qd4 24.Qxd4 Nxd4 25.Rab1 Rc8 26.Ba4 Rc5 27.Bd2 Kg7 
28.Rfd1 Rc4 29.Bb3 Nxb3 30.axb3 Rc2 31.Be3 Bc5 32.Rbc1 Rxc1 33.Rxc1 Bxe3 
34.fxe3 f5 35.Kf2 e4 36.d6 Kf6 37.Rc7 Ke6 38.g4 fxg4+ 39.Kg3 h5 40.Rxf7 
Kxf7 41.Kf4 Ke6 42.Kxe4 Kxd6 43.b4 a6 44.Kf4 Ke6 45.Kg5 Ke5 0-1

[Event "19th EUR-ch"]
[Site "Batumi GEO"]
[Date "2018.03.18"]
[Round "2.102"]
[White "Neverov, Valeriy"]
[Black "Garayev, Kanan"]
[Result "1/2-1/2"]
[WhiteElo "2480"]
[BlackElo "2252"]
[EventDate "2018.03.17"]
[PlyCount "100"]

1.g3 g6 2.Bg2 Bg7 3.e4 c5 4.f4 d6 5.Nf3 Nc6 6.d3 e6 7.c3 Nge7 8.Be3 O-O 9.
O-O b6 10.d4 cxd4 11.Nxd4 Bb7 12.Na3 Nxd4 13.Bxd4 e5 14.Be3 d5 15.f5 d4 
16.cxd4 exd4 17.Bg5 h6 18.Bd2 gxf5 19.exf5 Bxg2 20.Kxg2 Qd5+ 21.Qf3 Qxf3+ 
22.Rxf3 Nd5 23.Re1 Rfe8 24.Nc2 Rec8 25.Nb4 Nxb4 26.Bxb4 Rc2+ 27.Rf2 Rac8 
28.Re8+ Rxe8 29.Rxc2 a5 30.Bd6 d3 31.Rd2 Rd8 32.Be7 Rd7 33.f6 Bf8 34.Bxf8 
Kxf8 35.Kf3 Rd6 36.Ke4 Rxf6 37.Rxd3 Rf2 38.Rb3 a4 39.Rxb6 a3 40.bxa3 Rxh2 
41.Kd5 Rxa2 42.Rb3 Ke7 43.Kc6 Ke6 44.Kb5 Kf5 45.a4 Kg4 46.a5 f5 47.a6 h5 
48.Kb6 f4 49.gxf4 Kxf4 50.Rb5 Rxa6+ 1/2-1/2

[Event "19th EUR-ch"]
[Site "Batumi GEO"]
[Date "2018.03.18"]
[Round "2.103"]
[White "Jurcik, Marian"]
[Black "Tsvetkov, Andrey"]
[Result "1-0"]
[WhiteElo "2473"]
[BlackElo "2252"]
[EventDate "2018.03.17"]
[PlyCount "83"]

1.e4 c5 2.Ne2 d6 3.g3 d5 4.Bg2 dxe4 5.Bxe4 Nf6 6.Bg2 Nc6 7.O-O e5 8.Na3 
Be6 9.Nc3 Be7 10.Bxc6+ bxc6 11.Qe2 O-O 12.Nc4 Re8 13.d3 Bg4 14.f3 Bh3 15.
Re1 Bc8 16.Qf2 Nd7 17.b3 Qc7 18.Be3 Ba6 19.Na4 Bxc4 20.dxc4 e4 21.Bf4 Qa5 
22.Rxe4 Bf6 23.Qe1 Bd4+ 24.Kf1 Qd8 25.Rxe8+ Qxe8 26.Qxe8+ Rxe8 27.Re1 
Rxe1+ 28.Kxe1 Kf8 29.Bd6+ Ke8 30.Ke2 f5 31.c3 Bf6 32.Bxc5 Nxc5 33.Nxc5 
Bxc3 34.Kd3 Ba1 35.g4 fxg4 36.fxg4 g6 37.Ke4 Ke7 38.b4 Bc3 39.Nd3 Ke6 40.
a4 Kd6 41.c5+ Kc7 42.b5 1-0

[Event "19th EUR-ch"]
[Site "Batumi GEO"]
[Date "2018.03.18"]
[Round "2.104"]
[White "Abdulla, Khayala"]
[Black "Kanmazalp, Ogulcan"]
[Result "0-1"]
[WhiteElo "2248"]
[BlackElo "2473"]
[EventDate "2018.03.17"]
[PlyCount "110"]

1.e4 e6 2.d4 d5 3.exd5 exd5 4.Bd3 Nc6 5.c3 Bd6 6.Ne2 Qf6 7.O-O Nge7 8.Be3 
Bf5 9.Bxf5 Qxf5 10.Ng3 Qg6 11.Qf3 h5 12.Ne2 O-O-O 13.Bf4 Qc2 14.Bxd6 Rxd6 
15.a4 Rf6 16.Na3 Qh7 17.Qh3+ Kb8 18.b4 g5 19.c4 g4 20.Qc3 h4 21.f4 h3 22.
g3 Qe4 23.Rf2 Nf5 24.cxd5 Nce7 25.Nc4 Nxd5 26.Qd2 Re6 27.Ne5 f6 28.Nd7+ 
Kc8 29.Nc5 Qe3 30.Qc2 Nd6 31.Qg6 b6 32.Nxe6 Ne4 33.Rf1 Nxf2 34.Rxf2 Qxe6 
35.Qb1 f5 36.Qb3 Re8 37.Qc4 Qd6 38.Qd3 Re4 39.b5 Qb4 40.Rf1 Qb2 41.Re1 Qa2
42.Kf2 Qxa4 43.Rc1 Qa2 44.Rc2 Nb4 45.Qxe4 Qxc2 46.Qe7 Nd3+ 47.Ke3 Kb7 48.
Qf7 Nb4 49.Qe6 a5 50.bxa6+ Kxa6 51.Qg8 Kb7 52.Qe6 Qd3+ 53.Kf2 Qd2 54.Kf1 
Nd3 55.Qd5+ Ka7 0-1

[Event "19th EUR-ch"]
[Site "Batumi GEO"]
[Date "2018.03.18"]
[Round "2.105"]
[White "Miron, Lucian-Costin"]
[Black "Aleksanian, Hrant"]
[Result "1-0"]
[WhiteElo "2471"]
[BlackElo "2250"]
[EventDate "2018.03.17"]
[PlyCount "109"]

1.d4 d5 2.c4 e6 3.Nc3 Be7 4.cxd5 exd5 5.Bf4 c6 6.e3 Bf5 7.h3 Nd7 8.g4 Be6 
9.Bd3 g5 10.Bh2 h5 11.f3 Ngf6 12.Qd2 Nf8 13.O-O-O Bd6 14.Bxd6 Qxd6 15.Nge2
hxg4 16.hxg4 Rxh1 17.Rxh1 O-O-O 18.Kb1 Ng6 19.Bxg6 fxg6 20.Rh3 Bf7 21.Nc1 
Re8 22.Nd3 Nd7 23.Nd1 Qf6 24.Qc3 Rh8 25.Rxh8+ Qxh8 26.N1f2 Qf6 27.Ne1 Qe7 
28.Qd2 c5 29.dxc5 Nxc5 30.Qc3 Kb8 31.Nc2 Nd7 32.Qh8+ Kc7 33.Qc3+ Kb8 34.
Qh8+ Kc7 35.Qh2+ Kc8 36.Nd3 b6 37.Qh8+ Kb7 38.b3 Nf6 39.Qg7 Nd7 40.Kc1 a5 
41.Kd2 Qf6 42.Qxf6 Nxf6 43.Nf2 Kc6 44.Nh3 Nh7 45.Kc3 Kc5 46.Ne1 Be8 47.
Nd3+ Kd6 48.Kd4 Bb5 49.Ne5 Be8 50.e4 dxe4 51.fxe4 b5 52.a3 Ke6 53.Nf3 Kd6 
54.Nhxg5 Nxg5 55.Nxg5 1-0

[Event "19th EUR-ch"]
[Site "Batumi GEO"]
[Date "2018.03.18"]
[Round "2.106"]
[White "Firat, Burak"]
[Black "Gokhvat, Peter"]
[Result "1/2-1/2"]
[WhiteElo "2453"]
[BlackElo "2248"]
[EventDate "2018.03.17"]
[PlyCount "93"]

1.e4 c5 2.Nf3 Nc6 3.d4 cxd4 4.Nxd4 e5 5.Nb5 a6 6.Nd6+ Bxd6 7.Qxd6 Qe7 8.
Qd1 Nf6 9.Nc3 h6 10.Be3 O-O 11.Qd2 b5 12.O-O-O Bb7 13.Nd5 Nxd5 14.exd5 Nb8
15.g4 d6 16.Rg1 Nd7 17.g5 g6 18.gxh6 Kh7 19.Bd3 e4 20.Be2 Rac8 21.Bg5 f6 
22.Be3 Rg8 23.h4 Ne5 24.Kb1 Rc7 25.Bb6 Nc4 26.Bxc4 Rxc4 27.Bd4 Bxd5 28.Qf4
e3 29.Qxe3 Qxe3 30.Bxe3 Be4 31.Rxd6 Rxc2 32.Ka1 Rc6 33.Rd7+ Kh8 34.a3 Rgc8
35.Rgd1 Bf5 36.Re7 a5 37.Ra7 b4 38.Rxa5 b3 39.Ra7 R6c7 40.Ra6 Rc6 41.Ra7 
R6c7 42.Ra5 Rc4 43.Rb5 Bc2 44.Rc1 Kh7 45.Rb7+ R8c7 46.Rb6 f5 47.Bg5 
1/2-1/2

[Event "19th EUR-ch"]
[Site "Batumi GEO"]
[Date "2018.03.18"]
[Round "2.107"]
[White "Asadli, Vugar"]
[Black "Oglaza, Oskar"]
[Result "1/2-1/2"]
[WhiteElo "2449"]
[BlackElo "2240"]
[EventDate "2018.03.17"]
[PlyCount "62"]

1.Nf3 Nf6 2.g3 g6 3.b3 Bg7 4.Bb2 O-O 5.Bg2 d6 6.d4 Nbd7 7.O-O Re8 8.Nbd2 
c6 9.a4 Qc7 10.e4 e5 11.dxe5 dxe5 12.a5 Nc5 13.Qe2 Bg4 14.Qe3 Bxf3 15.Bxf3
Ne6 16.c3 Bf8 17.Bg2 Bc5 18.Qe2 Rad8 19.Nf3 Nh5 20.Bc1 Nf6 21.Bh3 b6 22.b4
Bf8 23.axb6 axb6 24.Ng5 Ng7 25.Ra6 c5 26.b5 Qb7 27.Re1 Bd6 28.Qc4 Bb8 29.
Nf3 Rd6 30.Bh6 Nf5 31.Bg5 Ng7 1/2-1/2

[Event "19th EUR-ch"]
[Site "Batumi GEO"]
[Date "2018.03.18"]
[Round "2.108"]
[White "Kubicka, Anna"]
[Black "Draskovic, Luka"]
[Result "0-1"]
[WhiteElo "2235"]
[BlackElo "2447"]
[EventDate "2018.03.17"]
[PlyCount "150"]

1.e4 c5 2.c3 Nf6 3.d3 Nc6 4.Nf3 g6 5.g3 Bg7 6.Bg2 O-O 7.O-O d5 8.Nbd2 b6 
9.Re1 dxe4 10.dxe4 Ng4 11.Nc4 Ba6 12.Qa4 Qc8 13.Ne3 Nxe3 14.Bxe3 Bb7 15.
Rad1 h6 16.Bc1 Qe6 17.e5 Rad8 18.Rxd8 Rxd8 19.Qh4 g5 20.Qh5 Qg6 21.Qxg6 
fxg6 22.Nd2 g4 23.Nc4 Ba8 24.e6 b5 25.Ne3 Ne5 26.Bxa8 Rxa8 27.Rd1 c4 28.
Nd5 Bf8 29.b3 Rc8 30.Bxh6 Rc6 31.Bxf8 Kxf8 32.Kg2 Nd3 33.bxc4 bxc4 34.Ne3 
Rd6 35.Kf1 Ne5 36.Rd4 Kg7 37.Kg2 Rxe6 38.Nxc4 Nxc4 39.Rxc4 Re2 40.Ra4 Rc2 
41.Rxa7 Kf6 42.a4 Rxc3 43.a5 Rc2 44.a6 Ra2 45.Ra8 Kf7 46.a7 Kg7 47.Kf1 Kf7
48.Ke1 Ke6 49.Kd1 Ke5 50.Kc1 Ke4 51.Kb1 Ra6 52.Kc2 Ke5 53.Kc3 Ra1 54.Kc4 
Ra2 55.Kc5 Ke6 56.Kb6 Rb2+ 57.Kc7 Ra2 58.Kd8 Ra1 59.Ke8 g5 60.Kf8 Kf6 61.
Kg8 Kg6 62.Kh8 Kh6 63.h3 gxh3 64.g4 h2 65.Rb8 Kg6 66.Kg8 Kf6 67.Rb6+ e6 
68.Rb1 Rxa7 69.Rh1 Kg6 70.Kf8 Rf7+ 71.Ke8 Rh7 72.f3 Kf6 73.Kd8 Ke5 74.Ke8 
Kf4 75.Kf8 Kxf3 0-1